LEADER 04888nam 22007335 450 001 9910337873303321 005 20200702173714.0 010 $a3-030-02059-2 024 7 $a10.1007/978-3-030-02059-0 035 $a(CKB)4100000007881300 035 $a(MiAaPQ)EBC5754999 035 $a(DE-He213)978-3-030-02059-0 035 $a(PPN)235670014 035 $a(EXLCZ)994100000007881300 100 $a20190409d2019 u| 0 101 0 $aeng 135 $aurcnu|||||||| 181 $ctxt$2rdacontent 182 $cc$2rdamedia 183 $acr$2rdacarrier 200 14$aThe Human Factor in a Mission to Mars $eAn Interdisciplinary Approach /$fedited by Konrad Szocik 205 $a1st ed. 2019. 210 1$aCham :$cSpringer International Publishing :$cImprint: Springer,$d2019. 215 $a1 online resource (270 pages) 225 1 $aSpace and Society,$x2199-3882 311 $a3-030-02058-4 327 $aMartian Environmental Psychology: The Choice Architecture of a Mars Mission and Colony -- One Mars: The Ethics of Settlement in a Unique Place -- Can Deep Altruism Sustain Space Settlement? -- Interplanetary Sustainability: Mars as a Means of a Long-term Sustainable Development of Humankind in the Solar System -- Mars, the Next Frontier? A Public Ethical Interrogation -- Ethics on an Uninhabited Planet -- Mars and Beyond: The Feasibility of Living in the Solar System -- Program Services Planning for a Mars Hardship Post; Reflections on the Need for Social, Psychological, and Spiritual Services -- Identifying and Monitoring the Complex System-of-Systems that Constitutes Human Habitation of Mars -- Envisioning the Martian Colonies -- Religion for a Spatial Colony: Posing the Right Questions -- Human Place in Outer Space: Should We and Can We Build a Human Colony on Mars? Skeptical Remarks -- Mars and the New Colonies: A Declaration of Independence? Interplanetary Fiduciary Relationships and a self-sustaining Off-Planet Economy -- Science and Ethics in the Exploration of Mars. 330 $aA manned mission to Mars is faced with challenges and topics that may not be obvious but of great importance and challenging for such a mission. This is the first book that collects contributions from scholars in various fields, from astronomy and medicine, to theology and philosophy, addressing such topics. The discussion goes beyond medical and technological challenges of such a deep-space mission. The focus is on human nature, human emotions and biases in such a new environment. The primary audience for this book are all researchers interested in the human factor in a space mission including philosophers, social scientists, astronomers, and others. This volume will also be of high interest for a much wider audience like the non-academic world, or for students. 410 0$aSpace and Society,$x2199-3882 606 $aSpace sciences 606 $aAerospace engineering 606 $aAstronautics 606 $aResearch?Moral and ethical aspects 606 $aTechnology?Sociological aspects 606 $aPersonality 606 $aSocial psychology 606 $aScience?Social aspects 606 $aSpace Sciences (including Extraterrestrial Physics, Space Exploration and Astronautics)$3https://scigraph.springernature.com/ontologies/product-market-codes/P22030 606 $aAerospace Technology and Astronautics$3https://scigraph.springernature.com/ontologies/product-market-codes/T17050 606 $aResearch Ethics$3https://scigraph.springernature.com/ontologies/product-market-codes/E14040 606 $aScience and Technology Studies$3https://scigraph.springernature.com/ontologies/product-market-codes/X22270 606 $aPersonality and Social Psychology$3https://scigraph.springernature.com/ontologies/product-market-codes/Y20050 606 $aSocietal Aspects of Physics, Outreach and Education$3https://scigraph.springernature.com/ontologies/product-market-codes/P34000 615 0$aSpace sciences. 615 0$aAerospace engineering. 615 0$aAstronautics. 615 0$aResearch?Moral and ethical aspects. 615 0$aTechnology?Sociological aspects. 615 0$aPersonality. 615 0$aSocial psychology. 615 0$aScience?Social aspects. 615 14$aSpace Sciences (including Extraterrestrial Physics, Space Exploration and Astronautics). 615 24$aAerospace Technology and Astronautics. 615 24$aResearch Ethics. 615 24$aScience and Technology Studies. 615 24$aPersonality and Social Psychology. 615 24$aSocietal Aspects of Physics, Outreach and Education. 676 $a629.4553 676 $a629.4553 702 $aSzocik$b Konrad$4edt$4http://id.loc.gov/vocabulary/relators/edt 906 $aBOOK 912 $a9910337873303321 996 $aThe Human Factor in a Mission to Mars$92509767 997 $aUNINA